Les pays les plus producteurs de thé - Statistiques

Statistiques générales
  • Ce quiz a été pris 73 fois
  • Le résultat moyen est 7 sur 10
Statistiques - réponses
Tonnes Réponse % Correct
2 473 443 Chine
97%
1 325 050 Inde
94%
139 362 Indonesie
78%
260 000 Vietnam
78%
100 580 Iran
69%
81 850 Bangladesh
66%
234 000 Turquie
66%
349 699 Sri Lanka
64%
439 857 Kenya
33%
104 743 Myanmar
16%
Aucun quiz correspondant
Distribution des résultats
% des personnes avec chaque résultat
Percentile par nombre de réponses
Votre historique - résultats
Vous n’avez pas pris ce quiz